Представление документа в формате MARC21

Поле Инд. ПП Название Значение
Тип записи a
Библиографический уровень m
001 Контрольный номер 99b634afb7e347f1ba2f1b0fccd337a2
005 Дата корректировки 20260303174720.5
040 a Служба первич. каталог. DE
b Код языка каталог. rus
e Правила каталог. PSBO
041 0_ a Код языка текста rus
080 a Индекс УДК 004.93
084 a Индекс другой классификации/Индекс ББК 32.813.5
090 a Полочн. индекс 681.3
x Авторский знак Р99
097 b Оператор 03
100 1_ a Автор Рязанцев Н. Д.
245 10 a Заглавие Алгоритм распознавания движений человека
b Продолж. заглавия дисс. на соиск. степени магистра техн. наук : 7-06-0612-03
c Ответственность науч. рук. Н. А. Жиляк
260 a Место издания Минск
c Дата издания 2025
b Издательство БГУИР
300 a Объем 77 с.
e Сопроводительные материалы Автореферат
510 0_ a Примечание о ссылках Диссертации и авторефераты диссертаций
653 0_ a Ключевые слова распознавание объектов; распознавание движений
856 40 u URL https://libeldoc.bsuir.by/bitstream/123456789/62049/1/Ryazancev_Avtoreferat.pdf
901 t Тип документа d